Quizzes
Events
Quiz Creation
Community
Videos
Private Events
Remove Ads
Sign In
Join for FREE
Feedback
Dark Mode
Quiz Categories
Sports
Geography
Music
Movies
Television
Just For Fun
Miscellaneous
History
Literature
Language
Science
Gaming
Entertainment
Religion
Holiday
For Kids
Quiz Lab
Recent
Popular Today
Quiz Kudos Today
Editor Picks
Curator Picks
Quizzes by...
Day
Popularity
Type
Ratings
Length
Year
Community
Subscriptions
Recent Discussions
Orange Saloon
Badges
Playlists
Quests
Create
Leaderboards
Showdown
Live 5
Trivia Bingo
Activity
Puzzle Library
Sporcle Events
Private Events
Virtual Trivia
Globe League
Become a Host
Pub Owners
SporcleCon
Opinionation
Our Games
Videos
Blog
Mobile Apps
Partnerships
Remove Ads and Go Orange
Feedback
Music
Pop Music
The Beatles
Song
Album
Lyrics
Bands
Singers
Artist
Clip
Rock
Rap
Classical
Billboard
Country Music
Kpop
Taylor Swift
Music
Pop Music
The Beatles
Song
Album
Lyrics
Bands
Singers
Artist
Clip
Rock
Rap
Classical
Billboard
Country Music
Kpop
Taylor Swift
Random Quiz
Search Sporcle
×
Quiz Lab
Quiz Lab
Music
Song
Type in answers that appear in a list
Type in answers that appear in a list
Classic
Best Score? Go Orange.
Ding Dong Song by Gunther | Lyrics Stats
Can you name the lyrics to Ding Dong Song by Gunther?
By
ButtFaceLover
7m
180 Questions
46 Plays
46 Plays
46 Plays
Comments
Comments
Give Quiz Kudos
Give Quiz Kudos
-
- Ratings
hide this ad
Replay
Link that replays current quiz
Next Quiz
Link to next quiz in quiz playlist
You Got
0%
They Got
Avg Score
83%
Avg Friend Score
Upgrade to see
Score Distribution
Jump to the score distribution portion of the page
Score
0/180
Timer
07:00
0
Plays Today
Lyrics
% Correct
ding
100%
ding
100%
dong
100%
to
100%
ding
100%
ding
100%
dong
100%
ding
100%
ding
100%
dong
100%
ding
100%
ding
100%
dong
100%
to
100%
ding
100%
ding
100%
dong
100%
ding
100%
ding
100%
dong
100%
ding
100%
ding
100%
dong
100%
ding
100%
ding
100%
dong
100%
ding
100%
ding
100%
dong
100%
you
97.8%
my
97.8%
my
97.8%
You
97.8%
you
97.8%
my
97.8%
you
97.8%
you
97.8%
my
97.8%
my
97.8%
you
97.8%
my
97.8%
my
97.8%
my
97.8%
You
97.8%
you
97.8%
my
97.8%
you
97.8%
you
97.8%
my
97.8%
my
97.8%
you
97.8%
my
97.8%
my
97.8%
my
97.8%
my
97.8%
my
97.8%
Oh
95.7%
touch
95.7%
touch
95.7%
touch
95.7%
Lyrics
% Correct
touch
95.7%
touch
93.5%
Oh
93.5%
Oh
93.5%
Oh
93.5%
Oh
93.5%
Oh
93.5%
Oh
93.5%
tralala
91.3%
I
91.3%
I
91.3%
tralala
91.3%
tralala
91.3%
I
91.3%
I
91.3%
tralala
91.3%
tralala
91.3%
the
87%
the
87%
the
87%
the
87%
the
87%
the
87%
in
84.8%
in
84.8%
in
84.8%
in
84.8%
in
84.8%
in
84.8%
love
82.6%
me
82.6%
me
82.6%
love
82.6%
me
82.6%
me
82.6%
love
82.6%
me
82.6%
me
82.6%
love
82.6%
me
82.6%
me
82.6%
night
80.4%
for
80.4%
night
80.4%
for
80.4%
night
80.4%
for
80.4%
night
80.4%
for
80.4%
night
80.4%
for
80.4%
night
80.4%
for
80.4%
Deep
78.3%
Im
78.3%
looking
78.3%
some
78.3%
fun
78.3%
Deep
78.3%
Im
78.3%
Lyrics
% Correct
looking
78.3%
some
78.3%
Deep
78.3%
deep
78.3%
deep
78.3%
deep
78.3%
Im
78.3%
looking
78.3%
some
78.3%
fun
78.3%
Deep
78.3%
Im
78.3%
looking
78.3%
some....
78.3%
want
78.3%
Deep
78.3%
Im
78.3%
looking
78.3%
some
78.3%
fun
78.3%
Deep
78.3%
Im
78.3%
looking
78.3%
some
78.3%
want
78.3%
be
73.9%
be
73.9%
please
71.7%
toy
71.7%
please
71.7%
toy
71.7%
Mmm
69.6%
Mmm
69.6%
Mmm
69.6%
Mmm
69.6%
Mmm
69.6%
Mmm
69.6%
Mmm
69.6%
tease
67.4%
tease
67.4%
of
60.9%
of
60.9%
Dont
56.5%
just
56.5%
cant
56.5%
get
56.5%
enough
56.5%
Dont
56.5%
just
56.5%
cant
56.5%
get
56.5%
enough
56.5%
Come
54.3%
Come
54.3%
near
50%
near
50%
boy
45.7%
boy
45.7%
fear
43.5%
fear
43.5%
Quiz Playlist
Details
Report
Send in Message
Add To Playlist
Classic:
Type in answers that appear in a list
Last Updated: Jun 8, 2017
Quiz Scoreboard
CHALLENGE
Sign Up to Join the Scoreboard
Show All
Scores
Hide
Comments
May contain spoilers
Recently Published
One Thing in Common: World Cities II
by knightlancer
Geography
7m
Popular People in 1961
by mucciniale
History
6m
1-10 Letter E Words III
by El_Dandy
Language
2m
More to Explore
Quiz From the Vault
Featured Blog Post
Where Did the Easter Bunny Come From?
hide this ad
You Might Also Like...
Tags
Song Quiz
Today's Top Quizzes in Music
Browse Music
hide this ad
Today's Top Quizzes in Song
Browse Song
Top Contributed Quizzes in Music
1
Taylor Swift All Songs (2024)
2
2010s Album by Cover III
3
Taylor Swift Logic Puzzle
4
One Thing in Common: Music
5
Guess the Artist- 70s Songs
6
Guess the Taylor Swift song (Mystery Song)
7
2010s Album by Cover V
8
2010s Album by Cover IV
9
Lana Del Rey Discography (BTD to DYKTTATUOB)
10
KPOP LOGIC QUIZ
Explore More
Trending Topics
Kpop
Anime
Marvel
Harry Potter
Disney
Crossword
NBA
Pokémon
NFL
Soccer
The Office
Song
Country
Puzzle
WWE
hide this ad
More By:
ButtFaceLover
Quiz
Plays
Rating
Category
Featured
Created
Figure out the lyrics to Me, Myself & I by G-eazy
359
2.50
Music
Mar 14, 2017
Ding Dong Song by Gunther | Lyrics
46
1.00
Music
Mar 22, 2017
Go to Creator's Profile
Score Distribution
Quiz Creator Spotlight
ButtFaceLover
Follow
Send a Message
Quizzes Created
-
Created Quiz Play Count
-
More By This Creator
Popular Quizzes Today
1
Find the US States - No Outlines Minefield
2
The Countries of the World
3
Find the Countries of Europe - No Outlines Minefield
4
Popular People in 1961
5
1-10 Letter E Words III
6
Find the US States
7
One Thing in Common: World Cities II
8
US States
More Music Quizzes
Guess K-Pop MVs by Eyes
Curator's Pick
Trending Quizzes
Risky Map Clicking: Least Populous States A-Z
1-10 Letter F Words
1-10 Letter G Words
One Thing in Common: United Kingdom
Risky Map Clicking: Next State Alphabetically
Recently Updated
Leaping Animals
pecheneg
Reality TV Shows (A-Z)
bhenderson79
Rickey Henderson's Hall of Fame Teammates
pecheneg
Champions League XIs: Arsenal
pecheneg
Quick Pick: Celebrities in WWE's Hall of Fame
aduchscher
A-Z Keypad Blitz II
pecheneg
Multiple Oscar Actors
pecheneg
Mystery Phrase Blitz: Oscar 'Best Actors'
pecheneg
F. Scott Fitzgerald Novels
LTH
Pick 3 Villains
ddd62291
Trending Topics
Anime
Disney
NBA
Crossword
Harry Potter
Kpop
Marvel
WWE
Country
Song
Soccer
The Office
Pokémon
NFL
Puzzle
Your Account Isn't Verified!
In order to create a playlist on Sporcle, you need to verify the email address you used during registration. Go to your
Sporcle Settings
to finish the process.
Report this User
Report this user for behavior that violates our
Community Guidelines
.
Details:
Send Report
Go to the Sporcle.com Mobile Site →
Comments